[Event "Foment Martinenc op-C 19st"]
[Site "Barcelona"]
[Date "2017.04.29"]
[Round "2.41"]
[White "Latorre Soto, Joan"]
[Black "Pinyol I Llora, Julia"]
[Result "1-0"]
[WhiteElo "1675"]
[BlackElo "1444"]
[PlyCount "123"]
[EventDate "2017.04.22"]
[EventType "swiss"]
[EventRounds "9"]
[EventCountry "ESP"]
[SourceTitle "EXT 2024"]
[Source "ChessBase"]
[SourceDate "2023.10.10"]
[SourceVersion "1"]
[SourceVersionDate "2023.10.10"]
[SourceQuality "1"]

1. e4 e5 2. Nf3 Nc6 3. Bb5 Nd4 4. Nxd4 exd4 5. 0-0 a6 6. Ba4 Bc5 7. c3 d3 8. Qf3 b5 9. Bb3 f6 10. Qxd3 Ne7 11. Qf3 Bb7 12. Qh5+ g6 13. Qxc5 d6 14. Qe3 Qd7 15. d4 Qg4 16. Re1 f5 17. Bd5 Bxd5 18. exd5 Qe4 19. Qxe4 fxe4 20. Rxe4 Kd7 21. Bg5 Nxd5 22. Nd2 h6 23. Bh4 g5 24. Bg3 h5 25. f3 Rae8 26. Rxe8 Rxe8 27. Re1 Rxe1+ 28. Bxe1 Ne3 29. b3 c5 30. dxc5 dxc5 31. Ne4 c4 32. bxc4 Nxc4 33. Nxg5 Ne5 34. Ne4 Ke7 35. Bh4+ Ke6 36. Nc5+ Kd5 37. Nxa6 Kc4 38. Bf6 Nd7 39. Bd4 Nf8 40. f4 Ne6 41. Be5 Kd5 42. Nc7+ Nxc7 43. Bxc7 Ke4 44. g3 Kf5 45. Kg2 Kg4 46. h3+ Kf5 47. Kf3 Kf6 48. g4 h4 49. Bd8+ Kg6 50. Bxh4 Kf7 51. Ke4 Kg6 52. Ke5 Kf7 53. Kf5 b4 54. cxb4 Kg7 55. b5 Kf7 56. b6 Kg7 57. b7 Kf7 58. b8Q Kg7 59. Bf6+ Kf7 60. Qb3+ Kf8 61. Kg6 Ke8 62. Qf7# 1-0